000 00555nam a2200193Ia 4500
003 OSt
005 20240603123933.0
008 210210b1976 xxu||||| |||| 00| 0 eng d
040 _cAL
041 _aKannada
082 _aK894.3 USHK
100 _aUSHA NAVARATNARAM.
_9131683
_dಉಷಾ ನವರತ್ನರಾಂ
245 _aKshame irali tande!
_bಕ್ಷಮೆಯಿರಲಿ ತಂದೆ
260 _aBengaluru
_bShri Rajalakshmi Prakashana
_c1976
300 _a211
690 _aKannada Fiction
_9131684
906 _a047873
942 _2ddc
_cBK
999 _c96611
_d96611